| 000 | 00355 a2200133 4500 | ||
|---|---|---|---|
| 005 | 20250623101038.0 | ||
| 020 | _a07-0654430-1 | ||
| 082 | _aLM 512.1 TUM | ||
| 100 | _aTUMA, J. J. | ||
| 245 | _aEngineering Mathematics Handbook | ||
| 260 |
_aNew York, _bMcGraw-Hill Book Company _c1980 |
||
| 300 |
_axii,334p.: ill.; table; _bIndex, _c26cm. |
||
| 942 |
_2ddc _cBKS |
||
| 999 |
_c1563 _d1563 |
||